[Event "GER-ch 66th"]
[Site "Binz"]
[Date "1994.??.??"]
[Round "3"]
[White "Lau, Ralf"]
[Black "Reefschlaeger, Helmut"]
[Result "0-1"]
[WhiteElo "2515"]
[BlackElo "2370"]
[EventDate "1994.11.??"]
[PlyCount "88"]

1. e4 d5 2. exd5 Qxd5 3. d4 e5 4. Nf3 exd4 5. Qxd4 Nf6 6. Nc3 Qxd4 7. Nxd4 Bb4 8. Ndb5 Na6 9. a3 Bxc3+ 10. Nxc3 Bf5 11. Bg5 O-O-O 12. Rc1 Nc5 13. Be2 Ne6 14. Be3 a6 15. h3 Nd4 16. Bd1 Ne4 17. Nxe4 Bxe4 18. O-O Rhe8 19. Re1 Bc6 20. c3 Nf5 21. Bg4 Bd7 22. Bf4 Nd6 23. Bh5 Be6 24. Bg5 Rd7 25. Rcd1 h6 26. Bc1 Red8 27. Rd3 Nc4 28. Rg3 g6 29. Be2 Nd2 30. Bg4 Bxg4 31. hxg4 g5 32. Kh2 Nc4 33. Re4 b5 34. Rf3 Rd1 35. Be3 R8d7 36. Re8+ Kb7 37. Rh8 Rb1 38. Rxh6 Ne5 39. Kg3 Nxf3 40. Kxf3 Rxb2 41. Bxg5 Rb3 42. Bf6 Rxa3 43. Ke4 a5 44. Rh5 Ra4+ 0-1

[Event "GER-ch 66th"]
[Site "Binz"]
[Date "1994.??.??"]
[Round "3"]
[White "Machelett, Heiko"]
[Black "Hiebel, Johannes"]
[Result "1-0"]
[WhiteElo "2240"]
[BlackElo "2315"]
[EventDate "1994.11.??"]
[PlyCount "75"]

1. d4 Nf6 2. Nf3 e6 3. g3 c5 4. Bg2 Nc6 5. O-O b6 6. c4 Bb7 7. Nc3 Nxd4 8. Nxd4 Bxg2 9. Nxe6 dxe6 10. Kxg2 Be7 11. Qa4+ Qd7 12. Qxd7+ Kxd7 13. b3 Rhd8 14. Bb2 Kc6 15. Rfd1 Ne8 16. Ne4 f5 17. Nd2 Rd6 18. Nf3 Rad8 19. Re1 Bf6 20. Be5 R6d7 21. e4 Kb7 22. exf5 exf5 23. Re2 Bxe5 24. Rxe5 g6 25. Ng5 Nf6 26. Re6 Rf8 27. Rae1 Kc7 28. R1e2 Kc8 29. a4 h6 30. Nf3 g5 31. Ne5 Rg7 32. a5 Kb7 33. axb6 axb6 34. b4 Ne4 35. Rb2 Rc8 36. bxc5 Rxc5 37. Rexb6+ Ka8 38. Nc6 1-0

[Event "GER-ch 66th"]
[Site "Binz"]
[Date "1994.??.??"]
[Round "3"]
[White "Martynov, Pavel"]
[Black "Movsziszian, Karen"]
[Result "1/2-1/2"]
[WhiteElo "2410"]
[BlackElo "2525"]
[EventDate "1994.11.??"]
[PlyCount "26"]

1. d4 Nf6 2. c4 g6 3. Nc3 d5 4. Bf4 Bg7 5. Rc1 O-O 6. Nf3 c6 7. e3 Bg4 8. Be2 e6 9. Qb3 Qb6 10. O-O Nbd7 11. Rfd1 Ne4 12. h3 Bxf3 13. Bxf3 f5 1/2-1/2

[Event "GER-ch 66th"]
[Site "Binz"]
[Date "1994.??.??"]
[Round "3"]
[White "Stern, Rene"]
[Black "Alber, Horst"]
[Result "1-0"]
[WhiteElo "2370"]
[BlackElo "2290"]
[EventDate "1994.11.??"]
[PlyCount "91"]

1. d4 Nf6 2. c4 g6 3. Nc3 Bg7 4. e4 d6 5. Bd3 O-O 6. Nge2 Nc6 7. O-O e5 8. d5 Nd4 9. Nxd4 exd4 10. Nb5 Re8 11. Re1 Ng4 12. h3 a6 13. hxg4 axb5 14. cxb5 Qh4 15. g3 Qxg4 16. Qxg4 Bxg4 17. Kg2 f5 18. a4 fxe4 19. Bxe4 d3 20. f3 Bd7 21. Ra3 Bd4 22. Bd2 Bxb2 23. Rb3 Bd4 24. a5 Bc5 25. Bxd3 Rxe1 26. Bxe1 Kf7 27. Rb2 Bc8 28. Re2 Bd7 29. Bc3 Re8 30. Rxe8 Kxe8 31. g4 Kd8 32. Kg3 Be8 33. f4 Bf7 34. Bf6+ Kc8 35. Be4 Bb4 36. a6 bxa6 37. bxa6 Bc5 38. Kh4 Be8 39. Kg5 Be3 40. Kh6 Bxf4+ 41. Kxh7 Bb5 42. a7 Kb7 43. Bd4 Be2 44. Bxg6 Bxg4 45. Be8 Bf5+ 46. Kg8 1-0

[Event "GER-ch 66th"]
[Site "Binz"]
[Date "1994.??.??"]
[Round "3"]
[White "Zach, Andreas"]
[Black "Riegler, Dieter"]
[Result "1/2-1/2"]
[WhiteElo "2230"]
[BlackElo "2220"]
[EventDate "1994.11.??"]
[PlyCount "38"]

1. d4 Nf6 2. Bf4 g6 3. e3 Bg7 4. h3 O-O 5. Nf3 d6 6. c3 Nbd7 7. a4 e6 8. a5 Qe7 9. Be2 Re8 10. Bh2 e5 11. a6 b6 12. Na3 c6 13. Nc4 Nd5 14. O-O Rd8 15. Qb3 Nc7 16. Rfd1 Bxa6 17. Rxa6 Nxa6 18. Qa3 b5 19. dxe5 bxc4 1/2-1/2

[Event "GER-ch 66th"]
[Site "Binz"]
[Date "1994.??.??"]
[Round "4"]
[White "Alber, Horst"]
[Black "Proehl, Holger"]
[Result "0-1"]
[WhiteElo "2290"]
[BlackElo "2285"]
[EventDate "1994.11.??"]
[PlyCount "73"]

1. d4 d5 2. c4 e6 3. Nc3 Nf6 4. Bg5 Be7 5. cxd5 exd5 6. e3 Nbd7 7. Qc2 c6 8. Bd3 O-O 9. Nf3 Re8 10. O-O Nf8 11. Rab1 Bd6 12. b4 Bg4 13. Nd2 Bd7 14. Kh1 Ng6 15. e4 dxe4 16. Ncxe4 Be7 17. Bxf6 Bxf6 18. Nd6 Re7 19. Nxb7 Qb6 20. Nc5 Bxd4 21. Nf3 Bxc5 22. bxc5 Qc7 23. Rb4 Be6 24. Ng5 Bd5 25. f4 Re3 26. Bc4 h6 27. Bxd5 cxd5 28. f5 Ne5 29. Nh3 Rc8 30. f6 Qxc5 31. Qf5 Re8 32. Rb7 Qc8 33. Qxc8 Rxc8 34. Nf4 Rd8 35. Rxa7 d4 36. h3 d3 37. Nxd3 0-1

[Event "GER-ch 66th"]
[Site "Binz"]
[Date "1994.??.??"]
[Round "4"]
[White "Bezold, Michael"]
[Black "Reefschlaeger, Helmut"]
[Result "1-0"]
[WhiteElo "2475"]
[BlackElo "2370"]
[EventDate "1994.11.??"]
[PlyCount "99"]

1. g3 g6 2. Bg2 Bg7 3. d4 Nf6 4. e4 d6 5. Nc3 O-O 6. Nge2 e5 7. h3 Nc6 8. Be3 exd4 9. Nxd4 Bd7 10. O-O Re8 11. Re1 a6 12. a4 Rb8 13. Kh2 Qc8 14. g4 Nxd4 15. Bxd4 b5 16. axb5 axb5 17. g5 Nh5 18. Bxg7 Kxg7 19. Qd4+ Kg8 20. Bf3 b4 21. Nd5 c6 22. Nb6 Qc7 23. Nxd7 d5+ 24. e5 Qxd7 25. Bg4 Qc7 26. Ra7 Rb7 27. Rxb7 Qxb7 28. e6 Ng7 29. exf7+ Qxf7 30. Rxe8+ Nxe8 31. Qe3 Ng7 32. Kg2 Nf5 33. Qf4 c5 34. Qb8+ Kg7 35. Qe5+ Kg8 36. Qb8+ Kg7 37. Qe5+ Kg8 38. b3 Nd4 39. Qd6 Qa7 40. Qxd5+ Kg7 41. Qe5+ Kg8 42. Qe8+ Kg7 43. Qe5+ Kg8 44. Be6+ Nxe6 45. Qxe6+ Kg7 46. Qe5+ Kg8 47. Qe8+ Kg7 48. Qe5+ Kg8 49. Qd5+ Kg7 50. f4 1-0

[Event "GER-ch 66th"]
[Site "Binz"]
[Date "1994.??.??"]
[Round "4"]
[White "Gerstner, Wolfgang"]
[Black "Luther, Thomas"]
[Result "1/2-1/2"]
[WhiteElo "2380"]
[BlackElo "2510"]
[EventDate "1994.11.??"]
[PlyCount "66"]

1. c4 e6 2. Nc3 d5 3. d4 Bb4 4. cxd5 exd5 5. Bf4 Nf6 6. e3 c5 7. Bd3 O-O 8. a3 Bxc3+ 9. bxc3 cxd4 10. cxd4 Ne4 11. f3 Qa5+ 12. Kf1 Nd2+ 13. Kf2 Nc4 14. Qc2 Nc6 15. Ne2 Re8 16. Bxh7+ Kh8 17. Bd3 b5 18. Nc3 Be6 19. Rhb1 a6 20. Bxc4 bxc4 21. Rb7 Qd8 22. Rc7 Na5 23. Qa4 Nb3 24. Rd1 Qf6 25. Ne2 a5 26. Qc6 Qg6 27. e4 dxe4 28. d5 exf3 29. gxf3 Qc2 30. dxe6 Qxd1 31. Qd7 Qxd7 32. exd7 Red8 33. Bd6 Kg8 1/2-1/2

[Event "GER-ch 66th"]
[Site "Binz"]
[Date "1994.??.??"]
[Round "4"]
[White "Hiebel, Johannes"]
[Black "Lau, Ralf"]
[Result "0-1"]
[WhiteElo "2315"]
[BlackElo "2515"]
[EventDate "1994.11.??"]
[PlyCount "34"]

1. c4 b6 2. d4 e6 3. e4 Bb7 4. d5 Bb4+ 5. Bd2 Qe7 6. Bxb4 Qxb4+ 7. Qd2 Qxd2+ 8. Nxd2 Ne7 9. g3 Na6 10. dxe6 dxe6 11. O-O-O Rd8 12. f3 Nc6 13. Nh3 Ke7 14. Be2 Nd4 15. Rhe1 Nb4 16. a3 Nbc2 17. Rh1 Ne3 0-1

[Event "GER-ch 66th"]
[Site "Binz"]
[Date "1994.??.??"]
[Round "4"]
[White "Menacher, Manfred"]
[Black "Schumacher, Olaf"]
[Result "1-0"]
[WhiteElo "2320"]
[BlackElo "2285"]
[EventDate "1994.11.??"]
[PlyCount "97"]

1. e4 e5 2. Nf3 Nf6 3. Nc3 Nc6 4. d4 exd4 5. Nxd4 Bb4 6. Nxc6 bxc6 7. Bd3 O-O 8. O-O d5 9. exd5 cxd5 10. Bg5 c6 11. Na4 Be6 12. c3 Be7 13. Re1 Rb8 14. Bc2 h6 15. Bh4 Ne4 16. Bxe7 Qxe7 17. Bxe4 dxe4 18. Rxe4 Rfd8 19. Qe2 Qg5 20. Re3 Rb5 21. h3 Rbd5 22. c4 Rd2 23. Qe1 Kh7 24. b3 Qf6 25. Nc3 Bf5 26. Rc1 R8d6 27. Rf3 Qg5 28. Ne4 Bxe4 29. Qxe4+ Rg6 30. Rf5 Qd8 31. Rxf7 Rxa2 32. h4 Qd2 33. Rf1 h5 34. Rf5 Kh6 35. Qe5 Qe2 36. Qf4+ Kh7 37. Re5 Qg4 38. Qxg4 hxg4 39. Kh2 Rb2 40. Re3 Rf6 41. Kg3 Kg8 42. h5 Rf5 43. Kxg4 Rfxf2 44. Rxf2 Rxf2 45. g3 Rb2 46. Kg5 Kh7 47. g4 Rb1 48. Re7 Rxb3 49. h6 1-0

[Event "GER-ch 66th"]
[Site "Binz"]
[Date "1994.??.??"]
[Round "4"]
[White "Schlosser, Philipp"]
[Black "Machelett, Heiko"]
[Result "1-0"]
[WhiteElo "2510"]
[BlackElo "2240"]
[EventDate "1994.11.??"]
[PlyCount "65"]

1. c4 g6 2. g3 Bg7 3. Bg2 Nc6 4. Nc3 d6 5. e3 Nf6 6. Nge2 e5 7. d3 O-O 8. O-O Re8 9. Rb1 Be6 10. Nd5 Qd7 11. Nec3 Rac8 12. Re1 Nd8 13. b4 c6 14. Nxf6+ Bxf6 15. b5 d5 16. bxc6 bxc6 17. cxd5 cxd5 18. Qf3 Rxc3 19. Qxf6 Bg4 20. e4 Rc6 21. Qh4 d4 22. Bg5 Be6 23. Rb8 Nb7 24. Bf6 h5 25. Bxe5 Bg4 26. Rxe8+ Qxe8 27. Bxd4 Rd6 28. Ba1 Rxd3 29. Qf6 Kf8 30. h3 Be6 31. Rb1 Qc8 32. Qh8+ Ke7 33. Bf6+ 1-0

[Event "GER-ch 66th"]
[Site "Binz"]
[Date "1994.??.??"]
[Round "4"]
[White "Schmittdiel, Eckhard"]
[Black "Oswald, Hans Joachim"]
[Result "1/2-1/2"]
[WhiteElo "2495"]
[BlackElo "2335"]
[EventDate "1994.11.??"]
[PlyCount "86"]

1. e4 d5 2. exd5 Nf6 3. d4 Nxd5 4. Nf3 g6 5. Bc4 Bg7 6. O-O O-O 7. c3 Nc6 8. Re1 Bg4 9. h3 Bxf3 10. Qxf3 e6 11. Nd2 h6 12. Ne4 Kh7 13. g3 Nb6 14. Bf1 Nd7 15. Bb5 e5 16. d5 Ncb8 17. g4 Nf6 18. Nxf6+ Qxf6 19. Qxf6 Bxf6 20. f4 a6 21. Ba4 b5 22. Bc2 Nd7 23. a4 Rfe8 24. f5 Kg7 25. fxg6 fxg6 26. Be3 Be7 27. axb5 axb5 28. Bd3 Rxa1 29. Rxa1 Rb8 30. Ra5 Nf6 31. Bxb5 Nxd5 32. Bf2 Nf4 33. Bf1 Rxb2 34. Rxe5 Bd6 35. Bd4 Kf8 36. Ra5 Ne2+ 37. Bxe2 Rxe2 38. h4 Kf7 39. h5 gxh5 40. gxh5 Re6 41. Rf5+ Kg8 42. Kg2 Bf8 43. Kf3 Bg7 1/2-1/2

[Event "GER-ch 66th"]
[Site "Binz"]
[Date "1994.??.??"]
[Round "4"]
[White "Stoeber, Michael"]
[Black "Dittmar, Peter"]
[Result "1/2-1/2"]
[WhiteElo "2255"]
[BlackElo "2285"]
[EventDate "1994.11.??"]
[PlyCount "102"]

1. d4 e6 2. c4 d5 3. Nc3 c5 4. cxd5 exd5 5. Nf3 Nc6 6. g3 Nf6 7. Bg2 Be7 8. O-O O-O 9. Bg5 c4 10. Ne5 Be6 11. Nxc4 dxc4 12. Bxf6 Bxf6 13. d5 Bg4 14. h3 Bd7 15. dxc6 bxc6 16. Qa4 Be6 17. Qxc6 Rb8 18. Rad1 Qa5 19. Nd5 Qxa2 20. Nxf6+ gxf6 21. Bd5 Rbc8 22. Qb7 Bxh3 23. Rfe1 Qa5 24. Qe7 Rc5 25. e4 Kg7 26. Re3 Bg4 27. Rd4 Qc7 28. Qxc7 Rxc7 29. Rxc4 Rxc4 30. Bxc4 Rd8 31. Ra3 Rd7 32. Kg2 Be6 33. b3 Bxc4 34. bxc4 Rd4 35. c5 Rc4 36. Ra5 Rc3 37. Kh3 Rc4 38. f3 Kg6 39. g4 h5 40. gxh5+ Kxh5 41. Rxa7 Rxc5 42. Rxf7 Kg6 43. Rd7 Rc6 44. Kg4 f5+ 45. exf5+ Kf6 46. Rd4 Ra6 47. Re4 Ra3 48. Re6+ Kf7 49. Rb6 Ra1 50. f6 Ra5 51. f4 Rc5 1/2-1/2

[Event "GER-ch 66th"]
[Site "Binz"]
[Date "1994.??.??"]
[Round "4"]
[White "Von Buelow, Georg"]
[Black "Troyke, Christian"]
[Result "0-1"]
[WhiteElo "2355"]
[BlackElo "2355"]
[EventDate "1994.11.??"]
[PlyCount "80"]

1. e4 c5 2. Nf3 Nc6 3. d4 cxd4 4. Nxd4 g6 5. c4 Bg7 6. Be3 Nf6 7. Nc3 O-O 8. Be2 d6 9. O-O Bd7 10. Nc2 a5 11. f3 Nb4 12. Nd4 a4 13. Qd2 Qa5 14. Rfd1 Rfc8 15. Rac1 Nc6 16. Ndb5 Ne5 17. b3 axb3 18. axb3 Qb4 19. Qc2 Bxb5 20. Nxb5 Nc6 21. Rb1 Qa5 22. Qd2 Qxd2 23. Rxd2 Nb4 24. g4 Nd7 25. f4 Nc5 26. Bf3 g5 27. e5 gxf4 28. Bxc5 dxc5 29. Bxb7 Rd8 30. Rbd1 Rxd2 31. Rxd2 Ra1+ 32. Kg2 Bxe5 33. Kf3 Rf1+ 34. Ke4 Re1+ 35. Kf5 e6+ 36. Kg5 Re3 37. h4 Kg7 38. Kh5 f3 39. Rf2 Nd3 40. Rxf3 Rxf3 0-1

[Event "GER-ch 66th"]
[Site "Binz"]
[Date "1994.??.??"]
[Round "4"]
[White "Wahls, Matthias"]
[Black "Kersten, Uwe"]
[Result "1-0"]
[WhiteElo "2540"]
[BlackElo "2345"]
[EventDate "1994.11.??"]
[PlyCount "67"]

1. e4 e6 2. d4 d5 3. Nd2 Nf6 4. e5 Ne4 5. Bd3 c5 6. Nxe4 dxe4 7. Bxe4 cxd4 8. Nf3 Bc5 9. a3 a5 10. b3 Nc6 11. Bb2 Qb6 12. O-O Bd7 13. Qd3 h6 14. Rad1 O-O 15. Qe2 Rfd8 16. Bd3 Be8 17. Qe4 g6 18. Bc1 Bf8 19. Qh4 Qc7 20. Rfe1 Rd5 21. Bxh6 Nxe5 22. Rxe5 Rxe5 23. Bxf8 Rh5 24. Qe7 Qf4 25. Qd6 e5 26. Be7 Bc6 27. Bc4 Kg7 28. Rxd4 Qf5 29. Rd3 Re8 30. Re3 Qf4 31. g3 Qf5 32. Nxe5 Qh3 33. Qf6+ Kh6 34. Qf4+ 1-0

[Event "GER-ch 66th"]
[Site "Binz"]
[Date "1994.??.??"]
[Round "4"]
[White "Zach, Andreas"]
[Black "Krajina, Davor"]
[Result "0-1"]
[WhiteElo "2230"]
[BlackElo "2270"]
[EventDate "1994.11.??"]
[PlyCount "72"]

1. d4 d5 2. Bf4 Nc6 3. e3 e6 4. Nd2 Bd6 5. Bxd6 Qxd6 6. f4 Nge7 7. c3 f6 8. Bd3 e5 9. g3 Be6 10. Qh5+ Bf7 11. Qh3 g6 12. O-O-O Be6 13. Qg2 O-O-O 14. Bc2 Nf5 15. Qf2 h5 16. Ngf3 e4 17. Ne1 g5 18. Kb1 Nh6 19. Rc1 Kb8 20. Bb3 Rde8 21. Ng2 Bh3 22. Bd1 Nf5 23. Re1 Reg8 24. c4 Nb4 25. Bc2 c6 26. a3 Nxc2 27. Rxc2 Bxg2 28. Qxg2 gxf4 29. exf4 Nxd4 30. Rc3 Qxf4 31. cxd5 cxd5 32. Rf1 Qe5 33. Qf2 Re8 34. Qxf6 Qxf6 35. Rxf6 e3 36. Rd3 e2 0-1

[Event "GER-ch 66th"]
[Site "Binz"]
[Date "1994.??.??"]
[Round "5"]
[White "Bangiev, Alexander J"]
[Black "Gerstner, Wolfgang"]
[Result "1-0"]
[WhiteElo "2385"]
[BlackElo "2380"]
[EventDate "1994.11.??"]
[PlyCount "119"]

1. e4 c5 2. f4 e6 3. Nf3 Qc7 4. g3 b6 5. Bg2 Bb7 6. Nc3 d6 7. O-O Nc6 8. b3 a6 9. Bb2 Nf6 10. h3 Be7 11. d3 d5 12. e5 Nd7 13. Qe2 O-O-O 14. Rae1 Kb8 15. Nd1 b5 16. Nf2 Nb6 17. c4 bxc4 18. bxc4 dxc4 19. dxc4 Nd4 20. Bxd4 cxd4 21. Rb1 Rd7 22. Rfc1 Bc5 23. Nd3 Ka7 24. Ng5 Bxg2 25. Qxg2 Na4 26. Ne4 Ba3 27. Rc2 Rb8 28. Rb3 Be7 29. c5 Rd5 30. Nd6 Rxb3 31. axb3 Nc3 32. b4 f6 33. Rc1 Bxd6 34. exd6 Qd7 35. Re1 Qe8 36. Qf3 h5 37. Kh2 e5 38. fxe5 fxe5 39. d7 Qxd7 40. Nxe5 Qc7 41. Nc6+ Qxc6 42. Re7+ Kb8 43. Qf8+ Qc8 44. Re8 Qxe8 45. Qxe8+ Kc7 46. Qe6 d3 47. Qb6+ Kc8 48. c6 Nb5 49. Qb7+ Kd8 50. Qb8+ Ke7 51. c7 Nxc7 52. Qxc7+ Ke6 53. Qb6+ Kf5 54. Qf2+ Ke5 55. Qf4+ Ke6 56. Qd2 g5 57. Kg2 h4 58. gxh4 gxh4 59. Kf3 Kd6 60. Ke4 1-0

[Event "GER-ch 66th"]
[Site "Binz"]
[Date "1994.??.??"]
[Round "5"]
[White "Bischoff, Klaus"]
[Black "Schmittdiel, Eckhard"]
[Result "1/2-1/2"]
[WhiteElo "2525"]
[BlackElo "2495"]
[EventDate "1994.11.??"]
[PlyCount "55"]

1. d4 e6 2. c4 f5 3. Nc3 Nf6 4. e3 b6 5. Be2 Bb7 6. f3 Bb4 7. Bd2 Qe7 8. Nh3 O-O 9. a3 Bxc3 10. Bxc3 d6 11. O-O Nbd7 12. b4 e5 13. d5 b5 14. cxb5 Nxd5 15. Qb3 Kh8 16. Bd2 e4 17. f4 N7f6 18. Rfc1 h6 19. Bc3 Nxc3 20. Qxc3 Rfc8 21. Qd2 a6 22. bxa6 Bxa6 23. b5 Bb7 24. a4 c6 25. Nf2 cxb5 26. Bxb5 Rxc1+ 27. Rxc1 Ba6 28. Nd1 1/2-1/2

[Event "GER-ch 66th"]
[Site "Binz"]
[Date "1994.??.??"]
[Round "5"]
[White "Dittmar, Peter"]
[Black "Von Buelow, Georg"]
[Result "1/2-1/2"]
[WhiteElo "2285"]
[BlackElo "2355"]
[EventDate "1994.11.??"]
[PlyCount "77"]

1. d4 Nf6 2. c4 g6 3. Nc3 Bg7 4. e4 d6 5. Bd3 O-O 6. Nge2 c6 7. O-O a6 8. h3 b5 9. Be3 Nbd7 10. Qd2 Bb7 11. b4 c5 12. bxc5 dxc5 13. cxb5 axb5 14. Bxb5 Nxe4 15. Nxe4 Bxe4 16. a4 cxd4 17. Bxd4 Nc5 18. Qe3 Bxd4 19. Nxd4 Qd6 20. Rfd1 Bd5 21. Nc6 e6 22. Ne7+ Qxe7 23. Rxd5 Qf6 24. Rdd1 Rfc8 25. Rac1 Qe7 26. Rc4 Rc7 27. Rdc1 Rac8 28. Qa3 Qd6 29. a5 Kg7 30. Qc3+ f6 31. g3 e5 32. Qa3 h5 33. h4 Kh6 34. Kh2 Kg7 35. Kg1 Kh7 36. Kh2 Kg7 37. Qe3 Kh7 38. Qa3 Kg7 39. Kg1 1/2-1/2

[Event "GER-ch 66th"]
[Site "Binz"]
[Date "1994.??.??"]
[Round "5"]
[White "Hermann, Manfred"]
[Black "Schulz, Karsten"]
[Result "1-0"]
[WhiteElo "2405"]
[BlackElo "2330"]
[EventDate "1994.11.??"]
[PlyCount "117"]

1. e4 g6 2. d4 Bg7 3. Nf3 d6 4. Bc4 Nc6 5. h3 Nf6 6. Qe2 e5 7. dxe5 Nxe5 8. Bb3 O-O 9. O-O Nxf3+ 10. Qxf3 Qe7 11. Nc3 c6 12. Bg5 h6 13. Bf4 Be6 14. Rad1 Rfd8 15. Rfe1 Nh5 16. Bc1 Rd7 17. g4 Bxb3 18. axb3 Nf6 19. Bf4 Re8 20. Kg2 Qd8 21. Bc1 Re5 22. Qg3 Qe7 23. f3 Re6 24. Ne2 Nh7 25. Nd4 Re5 26. b4 d5 27. Bf4 dxe4 28. Bxe5 Bxe5 29. Qf2 Bxd4 30. Rxd4 Rxd4 31. Qxd4 exf3+ 32. Kf1 Qh4 33. Re8+ Nf8 34. Qd8 Qxh3+ 35. Ke1 f2+ 36. Kxf2 Qh2+ 37. Ke1 Qg3+ 38. Kd2 Qf4+ 39. Kc3 Qg3+ 40. Kd2 Qf4+ 41. Kc3 Qg3+ 42. Kc4 Qxg4+ 43. Kb3 Qf3+ 44. Ka4 b5+ 45. Ka5 Qf1 46. Rxf8+ Kg7 47. Rg8+ Kh7 48. Rh8+ Kg7 49. Ka6 Qa1+ 50. Kb7 Qxb2 51. Qf8+ Kf6 52. Qc5 h5 53. Rc8 h4 54. Rxc6+ Kg7 55. Kxa7 h3 56. Qc3+ Qxc3 57. Rxc3 g5 58. Rxh3 f5 59. c4 1-0

[Event "GER-ch 66th"]
[Site "Binz"]
[Date "1994.??.??"]
[Round "5"]
[White "Knuth, Hannes"]
[Black "Alber, Horst"]
[Result "1-0"]
[WhiteElo "2350"]
[BlackElo "2290"]
[EventDate "1994.11.??"]
[PlyCount "75"]

1. d4 Nf6 2. c4 g6 3. Nf3 Bg7 4. g3 O-O 5. Bg2 Nc6 6. O-O a6 7. Nc3 Rb8 8. b3 b5 9. cxb5 axb5 10. Bb2 b4 11. Nb1 Rb5 12. Nbd2 Bb7 13. e4 Qa8 14. d5 Nd8 15. Nd4 Ra5 16. Nc4 Ra6 17. Qd2 c5 18. Nb5 Qb8 19. Rfe1 d6 20. a4 bxa3 21. Nbxa3 Bc8 22. e5 Ne8 23. exd6 exd6 24. Bxg7 Nxg7 25. Rab1 Qa8 26. Nb5 Qb8 27. Nba3 Qa8 28. Nc2 Bf5 29. Rb2 Nb7 30. b4 cxb4 31. Qxb4 Nc5 32. Bf1 Bd3 33. Qd2 Bxf1 34. Rxf1 Re8 35. Nb4 Ne4 36. Qc1 Ra7 37. f3 Nc5 38. Nxd6 1-0

[Event "GER-ch 66th"]
[Site "Binz"]
[Date "1994.??.??"]
[Round "5"]
[White "Lau, Ralf"]
[Black "Troyke, Christian"]
[Result "1-0"]
[WhiteElo "2515"]
[BlackElo "2355"]
[EventDate "1994.11.??"]
[PlyCount "51"]

1. e4 c5 2. Nc3 Nc6 3. f4 g6 4. Nf3 Bg7 5. Bb5 Nd4 6. Bc4 d6 7. O-O e6 8. d3 Ne7 9. Nxd4 cxd4 10. Ne2 O-O 11. Kh1 d5 12. Bb3 dxe4 13. dxe4 b6 14. Ng3 Bb7 15. f5 exf5 16. exf5 Nd5 17. Qg4 h5 18. Qh3 h4 19. Ne4 Ne3 20. fxg6 Bxe4 21. gxf7+ Kh8 22. Bxe3 dxe3 23. Rf4 Bxb2 24. Rxe4 Bxa1 25. Rxh4+ Kg7 26. Qg4+ 1-0

[Event "GER-ch 66th"]
[Site "Binz"]
[Date "1994.??.??"]
[Round "5"]
[White "Machelett, Heiko"]
[Black "Movsziszian, Karen"]
[Result "1-0"]
[WhiteElo "2240"]
[BlackElo "2525"]
[EventDate "1994.11.??"]
[PlyCount "39"]

1. d4 Nf6 2. Nf3 g6 3. Bg5 Bg7 4. c3 b6 5. Nbd2 Bb7 6. e3 O-O 7. Be2 d6 8. O-O Nbd7 9. a4 a6 10. a5 b5 11. Qc2 e5 12. c4 b4 13. dxe5 dxe5 14. c5 Bc6 15. Qb3 Qe7 16. Qxb4 Rfb8 17. Qa3 Bb5 18. Bxb5 Rxb5 19. Rac1 Rxc5 20. Nb3 1-0

[Event "GER-ch 66th"]
[Site "Binz"]
[Date "1994.??.??"]
[Round "5"]
[White "Mainka, Romuald"]
[Black "Wahls, Matthias"]
[Result "0-1"]
[WhiteElo "2485"]
[BlackElo "2540"]
[EventDate "1994.11.??"]
[PlyCount "84"]

1. e4 d5 2. exd5 Qxd5 3. Nc3 Qa5 4. g3 Nf6 5. Bg2 c6 6. Nf3 Bf5 7. O-O e6 8. h3 h6 9. d3 Nbd7 10. Qe2 Be7 11. a3 O-O 12. Ne4 Bh7 13. b4 Qc7 14. Nxf6+ Bxf6 15. Rb1 Rfe8 16. Nd2 e5 17. Re1 Bd8 18. Bb2 f5 19. Nc4 Bf6 20. Qd2 Rad8 21. f4 exf4 22. Bxf6 Nxf6 23. Qxf4 Qxf4 24. gxf4 Nh5 25. Na5 Rb8 26. Rxe8+ Rxe8 27. Nxb7 Nxf4 28. Bxc6 Re2 29. c4 Nxh3+ 30. Kf1 Rf2+ 31. Ke1 f4 32. Bd7 Bxd3 33. Bxh3 Re2+ 34. Kd1 Rh2 35. Rc1 f3 36. Rc3 Be2+ 37. Ke1 Rxh3 38. Kf2 g5 39. Nd6 g4 40. Ne4 h5 41. c5 Rh2+ 42. Ke3 Ba6 0-1

[Event "GER-ch 66th"]
[Site "Binz"]
[Date "1994.??.??"]
[Round "5"]
[White "Proehl, Holger"]
[Black "Maiwald, Jens Uwe"]
[Result "0-1"]
[WhiteElo "2285"]
[BlackElo "2445"]
[EventDate "1994.11.??"]
[PlyCount "82"]

1. e4 c5 2. Nf3 d6 3. d4 cxd4 4. Nxd4 Nf6 5. Nc3 Nc6 6. Be2 e5 7. Nb3 Be7 8. O-O O-O 9. Be3 a5 10. a3 Be6 11. f3 Rc8 12. Nd5 a4 13. Nc1 Bxd5 14. exd5 Na5 15. Na2 Nc4 16. Bxc4 Rxc4 17. b3 axb3 18. cxb3 Rc8 19. b4 Nd7 20. Qd3 Bg5 21. Bf2 Qc7 22. a4 f5 23. a5 Qc4 24. Rfd1 e4 25. fxe4 Qxd3 26. Rxd3 fxe4 27. Rc3 Rce8 28. Bd4 Bd2 29. Rg3 Nf6 30. Nc3 Nh5 31. Rg4 Rf4 32. Rxf4 Nxf4 33. Kf1 e3 34. Ne2 Nxd5 35. b5 Rf8+ 36. Kg1 Nb4 37. Rf1 Ra8 38. Rf3 Nc2 39. Bb6 Bxa5 40. Bxa5 Rxa5 41. Nc3 h6 0-1

[Event "GER-ch 66th"]
[Site "Binz"]
[Date "1994.??.??"]
[Round "5"]
[White "Reefschlaeger, Helmut"]
[Black "Kersten, Uwe"]
[Result "1-0"]
[WhiteElo "2370"]
[BlackElo "2345"]
[EventDate "1994.11.??"]
[PlyCount "49"]

1. e4 e6 2. g3 d5 3. Nc3 Nf6 4. e5 Nfd7 5. f4 c5 6. Bg2 Nc6 7. Nf3 Rb8 8. a4 a6 9. Qe2 Be7 10. O-O Qc7 11. d3 O-O 12. Re1 b5 13. axb5 axb5 14. f5 b4 15. Nd1 exf5 16. e6 Nb6 17. exf7+ Rxf7 18. Ng5 Nd4 19. Qf2 Rf8 20. Bf4 Bd6 21. Ra7 Bxf4 22. Rxc7 Bxc7 23. c3 bxc3 24. bxc3 Nb3 25. Ne3 1-0

[Event "GER-ch 66th"]
[Site "Binz"]
[Date "1994.??.??"]
[Round "5"]
[White "Schumacher, Olaf"]
[Black "Reis, Gerhard"]
[Result "0-1"]
[WhiteElo "2285"]
[BlackElo "2245"]
[EventDate "1994.11.??"]
[PlyCount "144"]

1. d4 Nf6 2. Nf3 c5 3. c3 b6 4. Bf4 g6 5. Nbd2 Bb7 6. e3 Bg7 7. Bd3 O-O 8. O-O d6 9. e4 Nbd7 10. h3 Re8 11. d5 Nf8 12. Bb5 N6d7 13. Bc4 a6 14. a4 Ne5 15. Nxe5 dxe5 16. Bg5 h6 17. Bh4 g5 18. Bg3 e6 19. dxe6 Nxe6 20. Qb3 Bc6 21. Rfd1 Qc7 22. f3 Nf4 23. Nf1 b5 24. axb5 axb5 25. Rxa8 Rxa8 26. Bxb5 c4 27. Qxc4 Qb6+ 28. Bf2 Qxb5 29. Qxb5 Bxb5 30. Ne3 Bf8 31. Nd5 Kg7 32. Nc7 Rb8 33. Nxb5 Rxb5 34. Rd2 Rb3 35. Kf1 Kf6 36. Be3 Ne6 37. Ke2 Bc5 38. Bxc5 Nxc5 39. Kd1 Rb6 40. b4 Nb7 41. Kc2 Nd6 42. Kb3 Rc6 43. Rd5 Ke6 44. Rd1 Nb5 45. c4 Nd4+ 46. Kc3 Ra6 47. b5 Ra4 48. b6 Kd6 49. Rb1 Nc6 50. Rb5 Ra3+ 51. Kb2 Ra5 52. Rb3 Kc5 53. Kc3 Nb8 54. Kd2 Kc6 55. Rd3 Ra2+ 56. Ke3 Rb2 57. Rd8 Rxb6 58. Rf8 Rb3+ 59. Kf2 Rb7 60. Rh8 Nd7 61. Rxh6+ Kc5 62. h4 gxh4 63. Rxh4 Kxc4 64. Rh8 Rb2+ 65. Kg3 Rd2 66. Rd8 Rd4 67. Kh4 Kd3 68. Kg5 Ke3 69. Kf5 Rd6 70. Ra8 Kf2 71. Ra2+ Kg3 72. Rc2 Kh4 0-1

[Event "GER-ch 66th"]
[Site "Binz"]
[Date "1994.??.??"]
[Round "5"]
[White "Stern, Rene"]
[Black "Schlosser, Philipp"]
[Result "1/2-1/2"]
[WhiteElo "2370"]
[BlackElo "2510"]
[EventDate "1994.11.??"]
[PlyCount "59"]

1. d4 Nf6 2. c4 e6 3. Nc3 Bb4 4. Qc2 d5 5. a3 Bxc3+ 6. Qxc3 Ne4 7. Qc2 c5 8. dxc5 Nc6 9. e3 Qa5+ 10. Bd2 Qxc5 11. b4 Qe7 12. Nf3 O-O 13. Bd3 Nxd2 14. Nxd2 g6 15. cxd5 Ne5 16. dxe6 Bxe6 17. Be2 Rac8 18. Qd1 Rfd8 19. O-O Rc3 20. Qe1 Rc2 21. Nf3 Bg4 22. Rd1 Nxf3+ 23. Bxf3 Bxf3 24. Rxd8+ Qxd8 25. gxf3 Qg5+ 26. Kh1 Qd5 27. Kg2 Qg5+ 28. Kh1 Qd5 29. Kg2 Qg5+ 30. Kh1 1/2-1/2